=LDR 00000nam 2200000 4500 =001 000187 =020 $9786238397259 =082 $302.200 =100 $Sabrina Osaka =245 $Salad segar komunikasi =250 $Cetakan I =264 $Yogyakarta: CV. Sinyuu Japanindo 2024 =300 $90 Halaman; 12 x 18 cm =650 $Sosiologi =905 $302.2 SAB s =336 $$a =337 $$a =338 $$a =005 20260702151432.0 =008 260702s2026\\\\\\\\\\\\\\\\\\\\\\\\\\\\\\\\\\\\\\\\\